Statistics for All World Champions Ever (WWE)

Click here to take the quiz!

General Stats

  • This quiz has been taken 1,450 times
    (475 since last reset)
  • The average score is 75 of 100

Answer Stats

# Answer % Correct
3John Cena
98%
13John Cena
98%
5Triple H
96%
4Brock Lesnar
96%
2Brock Lesnar
96%
9Randy Orton
96%
4Randy Orton
96%
9Triple H
96%
4The Undertaker
94%
3The Undertaker
94%
1Seth Rollins
93%
1Roman Reigns
93%
3Roman Reigns
93%
2Seth Rollins
93%
2The Rock
93%
8The Rock
93%
1Kane
91%
4Edge
91%
1Kane
91%
7Edge
91%
1Kane
91%
6Hulk Hogan
91%
1Shawn Michaels
90%
3Shawn Michaels
90%
6Stone Cold Steve Austin
90%
1Big Show
89%
2Big Show
89%
2Big Show
89%
1Dean Ambrose
88%
2Batista
87%
4Batista
87%
2Chris Jericho
86%
1Goldberg
86%
1Chris Jericho
86%
3Chris Jericho
86%
1Goldberg
86%
2Ric Flair
86%
1CM Punk
86%
3CM Punk
86%
2CM Punk
86%
1Finn Balor
84%
1Kevin Owens
82%
4Daniel Bryan
82%
1Daniel Bryan
82%
5Bret Hart
81%
2Rey Mysterio
79%
1Rey Mysterio
79%
3Sheamus
77%
1Sheamus
77%
2Christian
76%
1The Miz
76%
1Kurt Angle
76%
2Christian
76%
1Kurt Angle
76%
4Kurt Angle
76%
1Kofi Kingston
75%
1Jeff Hardy
75%
2Jeff Hardy
75%
3Mankind
74%
2AJ Styles
73%
2Booker T
72%
1Diesel
72%
1King Booker
72%
1Bray Wyatt
71%
1Vince McMahon
71%
1Chris Benoit
71%
1Vince McMahon
71%
1Rob Van Dam
70%
1Rob Van Dam
70%
2Dolph Ziggler
69%
2Alberto Del Rio
69%
2Alberto Del Rio
69%
2Randy Savage
67%
1Andre The Giant
65%
1Mark Henry
64%
1Mark Henry
64%
1The Great Khali
63%
1Matt Hardy
63%
1JBL
63%
2Bobby Lashley
63%
1Jinder Mahal
63%
2Yokozuna
63%
2Bruno Sammartino
62%
1Eddie Guerrero
62%
1Ultimate Warrior
61%
1Jack Swagger
59%
1Jack Swagger
59%
1Tommy Dreamer
56%
2Bob Backlund
49%
1Sgt. Slaughter
47%
2Sycho Sid
45%
1John Morrison
44%
1Chavo Guerrero
43%
1Ezekiel Jackson
42%
1The Iron Sheik
41%
1Pedro Morales
39%
1Stan Stasiak
35%
1Ivan Koloff
35%
1Buddy Rogers
34%
1Superstar Billy Graham
34%

Score Distribution

Percentile by Number Answered

Percent of People with Each Score

Your Score History

You have not taken this quiz since the last reset